000 00265nam a22001217a 4500
008 180228b xxu||||| |||| 00| 0 eng d
041 _aeng
080 _a658
100 _a54
101 _aMAN
245 _aMANGEMENT DECISION MAKING
_cPAUL.S.G
942 _2udc
_cBK
999 _c43674
_d43674